[Event "39th TCh-GRE"]
[Site "Eretria GRE"]
[Date "2011.07.04"]
[Round "3.15"]
[White "Mihailidis, Hristos"]
[Black "Nikolakopoulos, Nikolaos"]
[Result "0-1"]
[WhiteElo "1497"]
[BlackElo "1992"]
[WhiteTeam "Papagou"]
[BlackTeam "Aigialeias Chess Union"]
[WhiteFideId "4205960"]
[BlackFideId "4219759"]
[EventDate "2011.07.03"]

1. e4 c5 2. Nf3 e6 3. d4 cxd4 4. Nxd4 Nc6 5. Nxc6 bxc6 6. Nc3 Nf6 7. Bg5 Qa5 8.
Bd2 Qc7 9. Bc4 Be7 10. O-O O-O 11. Re1 d5 12. e5 dxc4 13. exf6 Bxf6 14. Qg4 e5
15. Qxc4 Be6 16. Qe2 Bf5 17. Ne4 Be7 18. Bc3 f6 19. Rad1 Rfd8 20. Ng3 Bg6 21.
Rd2 Rxd2 22. Qxd2 Rd8 23. Qe2 Bf7 24. a3 Rd5 25. Nf5 Bf8 26. Qg4 Kh8 27. Qg3 Bg6
28. Ne3 Rd7 29. Qg4 Bc5 30. Qf3 h6 31. Qe2 Bxe3 32. fxe3 Be4 33. Rd1 Rd5 34.
Rxd5 cxd5 35. Qd2 Qd7 36. Kf1 Qf5+ 37. Ke1 Qg4 38. g3 h5 0-1

[Event "39th TCh-GRE"]
[Site "Eretria GRE"]
[Date "2011.07.04"]
[Round "3.15"]
[White "Bulmaga, Irina"]
[Black "Pavlogianni, Despina"]
[Result "1-0"]
[WhiteTitle "WIM"]
[WhiteElo "2293"]
[BlackElo "1925"]
[WhiteTeam "Aigialeias Chess Union"]
[BlackTeam "Papagou"]
[WhiteFideId "13903063"]
[BlackFideId "4209982"]
[EventDate "2011.07.03"]

1. e4 c5 2. Nf3 d6 3. d4 cxd4 4. Nxd4 Nf6 5. Nc3 g6 6. f3 Bg7 7. Be3 O-O 8. Qd2
Nc6 9. O-O-O Bd7 10. g4 Rc8 11. Kb1 Ne5 12. h4 h5 13. g5 Ne8 14. f4 Nc4 15. Bxc4
Rxc4 16. Qd3 Qc8 17. Nd5 Kh8 18. Nxe7 Qc7 19. Nd5 Qc8 20. f5 Be5 21. fxg6 fxg6
22. Ne7 1-0

[Event "39th TCh-GRE"]
[Site "Eretria GRE"]
[Date "2011.07.04"]
[Round "3.15"]
[White "Georgantas, Antonios1"]
[Black "Bakoyannis, Thodoris"]
[Result "1-0"]
[WhiteElo "1729"]
[BlackElo "1629"]
[WhiteTeam "Papagou"]
[BlackTeam "Aigialeias Chess Union"]
[WhiteFideId "4212894"]
[BlackFideId "4252837"]
[EventDate "2011.07.03"]

1. e4 c5 2. Nf3 g6 3. c4 Bg7 4. Nc3 Nc6 5. d3 d6 6. Be3 Nf6 7. g3 O-O 8. Bg2 Ng4
9. O-O Nxe3 10. fxe3 Qa5 11. Qd2 a6 12. a3 b5 13. e5 Bd7 14. b4 cxb4 15. Nd5
dxe5 16. axb4 Qd8 17. cxb5 axb5 18. Rxa8 Qxa8 19. Ng5 Qd8 20. Nc3 e6 21. Nce4 h6
22. Nh3 Ne7 23. Ra1 Bc6 24. Nhf2 f5 25. Nc5 Bxg2 26. Kxg2 Qd5+ 27. Kg1 e4 28. d4
e5 29. Nd1 exd4 30. Ra7 dxe3 31. Qe2 Nc6 32. Nxe3 Bd4 33. Rd7 Qc4 34. Qd2 Ne5
35. Qxd4 Nf3+ 36. Kf2 Nxd4 37. Nxc4 Nc6 38. Nd6 Nxb4 39. Ne6 Nd3+ 40. Ke3 Rf6
41. Rg7+ Kh8 42. Nf7+ Rxf7 43. Rxf7 Ne5 44. Rf8+ Kh7 45. Rb8 Ng4+ 46. Ke2 Nxh2
47. Rxb5 h5 48. Nf4 g5 49. Rb7+ Kh6 50. Rb6+ Kh7 51. Nxh5 Ng4 52. Nf6+ 1-0

[Event "39th TCh-GRE"]
[Site "Eretria GRE"]
[Date "2011.07.04"]
[Round "3.16"]
[White "Litsas, Ioannis"]
[Black "Petr, Martin"]
[Result "1/2-1/2"]
[BlackTitle "GM"]
[WhiteElo "2154"]
[BlackElo "2523"]
[WhiteTeam "Peiraikos OS"]
[BlackTeam "CC Amfissa"]
[WhiteFideId "4206886"]
[BlackFideId "318299"]
[EventDate "2011.07.03"]

1. e4 c5 2. Nf3 e6 3. d4 cxd4 4. Nxd4 a6 5. Nc3 Qc7 6. Be2 Nf6 7. O-O d6 8. a4
Nc6 9. Nxc6 bxc6 10. a5 Be7 11. Bf4 O-O 12. Qd3 Rb8 13. Qg3 Nd7 14. b3 e5 15.
Bh6 Bf6 16. Be3 Re8 17. Rfd1 Be7 18. Bh6 Bf8 19. Be3 Nf6 20. Ra4 Bb7 21. Bg5 Nd7
22. Be3 d5 23. Bb6 Qd6 24. exd5 cxd5 25. Nxd5 Bxd5 26. c4 Nxb6 27. axb6 Qxb6 28.
cxd5 a5 29. Bc4 Rbd8 30. Ra2 Bc5 31. Kh1 Rd6 32. Rf1 Rf6 33. Re2 Bd6 34. Re4 Rc8
35. f3 Rh6 36. Rh4 Rxh4 37. Qxh4 a4 38. Bd3 g6 39. Qxa4 Rc3 40. Bc4 1/2-1/2

[Event "39th TCh-GRE"]
[Site "Eretria GRE"]
[Date "2011.07.04"]
[Round "3.16"]
[White "Balaskas, Panayotis"]
[Black "Psaras, Stilianos"]
[Result "1-0"]
[WhiteElo "2043"]
[BlackElo "2098"]
[WhiteTeam "CC Amfissa"]
[BlackTeam "Peiraikos OS"]
[WhiteFideId "4201302"]
[BlackFideId "4200888"]
[EventDate "2011.07.03"]

1. e4 e6 2. d4 d5 3. Nd2 Nf6 4. e5 Nfd7 5. Bd3 c5 6. c3 Nc6 7. Ne2 cxd4 8. cxd4
f6 9. f4 Qb6 10. O-O Nxd4 11. Kh1 f5 12. Nxd4 Qxd4 13. Nb3 Qb6 14. Qe2 Be7 15.
Be3 Qd8 16. Rac1 O-O 17. g4 b6 18. gxf5 exf5 19. Bd4 Nc5 20. Nxc5 bxc5 21. Bxc5
Bxc5 22. Rxc5 Bb7 23. Rfc1 d4+ 24. Kg1 Qb6 25. Kf1 Qh6 26. Qf2 Be4 27. Rd1 Rab8
28. b3 Qh3+ 29. Ke2 Qg4+ 30. Ke1 Rbc8 31. Bc4+ Kh8 32. Rxc8 Rxc8 33. Rxd4 Qg6
34. Rd7 Bc6 35. Rxa7 Rd8 36. Qg3 Qh6 37. Qg5 Qxg5 38. fxg5 Re8 39. e6 h6 40. g6
Bf3 41. e7 1-0

[Event "39th TCh-GRE"]
[Site "Eretria GRE"]
[Date "2011.07.04"]
[Round "3.16"]
[White "Olsarova, Karolina"]
[Black "Korou, Laskarina"]
[Result "1-0"]
[WhiteTitle "WIM"]
[WhiteElo "2282"]
[BlackElo "1921"]
[WhiteTeam "CC Amfissa"]
[BlackTeam "Peiraikos OS"]
[WhiteFideId "320242"]
[BlackFideId "4204832"]
[EventDate "2011.07.03"]

1. e4 d5 2. exd5 Qxd5 3. Nc3 Qa5 4. d4 Nf6 5. Bc4 c6 6. Bd2 Qc7 7. Nf3 Bg4 8.
Qe2 e6 9. O-O-O Nbd7 10. h3 Bxf3 11. Qxf3 Bd6 12. g4 Nb6 13. Bb3 O-O-O 14. Kb1
Nfd5 15. Ne4 Bf4 16. c4 Bxd2 17. cxd5 Bb4 18. dxe6 fxe6 19. Nc5 Qe7 20. Nxe6 Rd6
21. a3 Ba5 22. Nc5 Nd5 23. Qf5+ Kb8 24. Qe5 Re8 25. f4 Qc7 26. Qxe8+ 1-0

[Event "39th TCh-GRE"]
[Site "Eretria GRE"]
[Date "2011.07.04"]
[Round "3.16"]
[White "Sidiropoulos, Nikolaos2"]
[Black "Kazaglis, Dimitrios-Stefanos"]
[Result "1/2-1/2"]
[WhiteElo "1899"]
[BlackElo "1690"]
[WhiteTeam "Peiraikos OS"]
[BlackTeam "CC Amfissa"]
[WhiteFideId "4217250"]
[BlackFideId "4231112"]
[EventDate "2011.07.03"]

1. e4 e6 2. d4 d5 3. e5 c5 4. Qg4 Nc6 5. Nf3 Qa5+ 6. Nbd2 Nh6 7. Qf4 Nf5 8. c3
cxd4 9. Nb3 Qb6 10. Nbxd4 Bc5 11. Bb5 Nxd4 12. Nxd4 Bxd4 13. Bxc6+ bxc6 14. Qxd4
Qxd4 15. cxd4 a5 16. Bd2 a4 17. Rc1 Kd7 18. Rc5 Ba6 19. a3 Rhb8 20. Bb4 Bc4 21.
Kd2 Rb5 22. f4 Rab8 23. Kc3 Rxc5 24. dxc5 h5 25. Re1 g6 26. Re3 Rg8 27. Rg3 Kc8
28. Ba5 Bb3 29. Kd4 Kb7 30. Bd2 Kc8 31. Rh3 Bd1 32. Rh4 Kb7 33. Rh3 Ra8 34. Bc3
Kc8 35. Rd3 Bc2 36. Rd2 Bf5 37. Ke3 Rb8 38. Rd4 Bc2 39. Bb4 Rb5 40. Kf3 Kd7 41.
Kg3 Ke7 42. Rd2 Be4 43. Rd4 Bc2 44. Rd2 Bf5 45. Rd4 Bb1 46. Bc3 Bc2 47. Kh4 Ke8
48. Bb4 Kf8 49. Kg5 Kg7 50. h3 Bb3 51. Rd2 Rb8 52. Bc3 Rh8 1/2-1/2

[Event "39th TCh-GRE"]
[Site "Eretria GRE"]
[Date "2011.07.04"]
[Round "3.17"]
[White "Tepelenis, Nikolaos"]
[Black "Koliopoulos, Konstantinos"]
[Result "1/2-1/2"]
[WhiteElo "2156"]
[BlackElo "2262"]
[WhiteTeam "Association of Chess Players of Ioannina"]
[BlackTeam "AO Zenon Glyfadas"]
[WhiteFideId "4207599"]
[BlackFideId "4202244"]
[EventDate "2011.07.03"]

1. d4 Nf6 2. c4 e6 3. Nc3 Bb4 4. f3 c5 5. d5 exd5 6. cxd5 d6 7. e4 O-O 8. Bd3
Nbd7 9. Ne2 a6 10. a4 Ne5 11. Bc2 Bd7 12. O-O Ba5 13. f4 Ng6 14. e5 dxe5 15. f5
Ne7 16. Bg5 Kh8 17. Bxf6 gxf6 18. Ne4 Nxf5 19. N2g3 Nxg3 20. Nxf6 Nf5 21. Nxd7
Qxd7 22. Bxf5 Qd6 23. Qh5 h6 24. Be6 fxe6 25. Qxh6+ Kg8 26. Qg6+ Kh8 27. Qh6+
Kg8 28. Qg6+ Kh8 1/2-1/2

[Event "39th TCh-GRE"]
[Site "Eretria GRE"]
[Date "2011.07.04"]
[Round "3.17"]
[White "Papastavropoulos, Andreas"]
[Black "Papageorgiou, Ioannis2"]
[Result "1-0"]
[WhiteTitle "FM"]
[WhiteElo "2257"]
[BlackElo "1937"]
[WhiteTeam "AO Zenon Glyfadas"]
[BlackTeam "Association of Chess Players of Ioannina"]
[WhiteFideId "4201230"]
[BlackFideId "4220056"]
[EventDate "2011.07.03"]

1. e4 e6 2. d4 d5 3. Bd3 dxe4 4. Bxe4 Nf6 5. Bf3 Be7 6. Ne2 O-O 7. Bf4 c5 8.
Nbc3 Nc6 9. Be3 Qa5 10. O-O Rd8 11. Bxc6 bxc6 12. Qc1 cxd4 13. Nxd4 Bb7 14. Nce2
c5 15. Nb3 Qc7 16. f3 c4 17. Nbd4 Nd5 18. Bf2 g6 19. Re1 Bc5 20. Rf1 e5 21. Nb5
Qb6 22. Nbc3 Bxf2+ 23. Rxf2 Rd7 24. Nxd5 Bxd5 25. Nc3 Rad8 26. Kf1 Kg7 27. Rb1
Bc6 28. Qe1 f6 29. Re2 Rd4 30. Qf2 Qc7 31. Qg3 Qd6 32. h3 a6 33. Kg1 Qc5 34. Qf2
Qd6 35. a3 Rd7 36. Qe3 Qc7 37. Ne4 Bxe4 38. fxe4 Qd6 39. Kh2 Rd2 40. Rf1 Qd4 41.
Qf3 Rd6 42. Rxd2 Qxd2 43. Rf2 Qd4 44. b4 Qb6 45. g4 Qd8 46. a4 h6 47. h4 Rd1 48.
h5 f5 49. Kh3 f4 50. hxg6 Qd7 51. Kg2 Rd4 52. g5 Kxg6 53. gxh6 Kxh6 54. Kh1 Rd1+
55. Rf1 Rxf1+ 56. Qxf1 Qg4 57. Qg2 Qd1+ 58. Kh2 Qd4 59. Qh3+ Kg5 60. Qg2+ Kf6
61. Qg8 Qxe4 62. Qf8+ Kg6 63. Qg8+ Kf6 64. Qf8+ Kg5 65. Qg7+ Kh5 66. Qh8+ 1-0

[Event "39th TCh-GRE"]
[Site "Eretria GRE"]
[Date "2011.07.04"]
[Round "3.17"]
[White "Basios, Athanasios"]
[Black "Kordis, Konstantinos"]
[Result "0-1"]
[WhiteElo "1916"]
[BlackElo "2207"]
[WhiteTeam "Association of Chess Players of Ioannina"]
[BlackTeam "AO Zenon Glyfadas"]
[WhiteFideId "4215494"]
[BlackFideId "4205197"]
[EventDate "2011.07.03"]

1. d4 Nf6 2. c4 g6 3. g3 Bg7 4. Bg2 O-O 5. Nf3 d6 6. Nc3 c6 7. O-O Qa5 8. e4 Bg4
9. h3 Bxf3 10. Bxf3 Nbd7 11. Be3 e5 12. d5 cxd5 13. cxd5 Rfc8 14. Qe2 a6 15.
Rfc1 Nc5 16. Bd2 b5 17. Nd1 Qd8 18. Rc2 a5 19. Rac1 b4 20. b3 Rcb8 21. Nb2 Qf8
22. Qe3 Nfd7 23. g4 Qd8 24. Kg2 a4 25. Nxa4 Nxa4 26. bxa4 Rxa4 27. Bd1 Ra3 28.
Qg5 Bf6 29. Qh6 Nc5 30. Rxc5 dxc5 31. Bb3 Be7 32. h4 Rb6 33. h5 Rxb3 34. axb3 g5 0-1

[Event "39th TCh-GRE"]
[Site "Eretria GRE"]
[Date "2011.07.04"]
[Round "3.17"]
[White "Sigkounas, Alkis"]
[Black "Zervas, Ilias"]
[Result "1-0"]
[WhiteElo "1727"]
[BlackElo "1835"]
[WhiteTeam "Association of Chess Players of Ioannina"]
[BlackTeam "AO Zenon Glyfadas"]
[WhiteFideId "4238842"]
[BlackFideId "4214633"]
[EventDate "2011.07.03"]

1. d4 Nf6 2. c4 g6 3. Nc3 d5 4. cxd5 Nxd5 5. Bd2 Nxc3 6. Bxc3 Bg7 7. e4 O-O 8.
Be2 Nd7 9. Nf3 c6 10. O-O Nb6 11. Re1 Be6 12. Qc2 Qc7 13. a4 a5 14. Rad1 h6 15.
Nd2 Rfd8 16. Nf1 Bc4 17. Ne3 Bxe2 18. Rxe2 Nd7 19. Red2 Nf6 20. f3 b5 21. b3 Nd7
22. d5 Qb6 23. Bxg7 Qxe3+ 24. Kf1 c5 25. Rd3 Qf4 26. g3 Qd6 27. Bxh6 Ne5 28. Bf4
Qf6 29. Bxe5 Qxe5 30. Qxc5 b4 31. Qd4 Qh5 32. Kg2 Rdc8 33. e5 Rc2+ 34. R1d2 Rac8
35. d6 Rxd2+ 36. Rxd2 Rc3 37. h4 1-0

[Event "39th TCh-GRE"]
[Site "Eretria GRE"]
[Date "2011.07.05"]
[Round "4.1"]
[White "Halkias, Stelios"]
[Black "Sedlak, Nikola"]
[Result "1/2-1/2"]
[WhiteTitle "GM"]
[BlackTitle "GM"]
[WhiteElo "2600"]
[BlackElo "2580"]
[WhiteTeam "SS Peristeri"]
[BlackTeam "ES Thessaloniki"]
[WhiteFideId "4201809"]
[BlackFideId "922900"]
[EventDate "2011.07.03"]

1. Nf3 Nf6 2. d4 g6 3. g3 Bg7 4. Bg2 O-O 5. O-O d5 6. c4 dxc4 7. Na3 c3 8. bxc3
c5 9. e3 Nc6 10. Qe2 Bf5 11. Bb2 Qb6 12. Rfd1 Rfd8 13. Nc4 Qa6 14. Bf1 Qa4 15.
Nce5 Nxe5 16. Nxe5 cxd4 17. exd4 Nd7 18. Nc4 b5 19. Ne3 Be4 20. Qxb5 Qxb5 21.
Bxb5 Rab8 22. Bxd7 Rxd7 23. Ba3 g5 24. Re1 e6 25. Nc4 Bd5 26. Ne3 Be4 27. Nc4
Bd5 28. Ne3 Be4 29. Nc4 1/2-1/2

[Event "39th TCh-GRE"]
[Site "Eretria GRE"]
[Date "2011.07.05"]
[Round "4.1"]
[White "Malikentzos, Sotirios"]
[Black "Kotronias, Vasilios"]
[Result "1/2-1/2"]
[WhiteTitle "FM"]
[BlackTitle "GM"]
[WhiteElo "2314"]
[BlackElo "2588"]
[WhiteTeam "ES Thessaloniki"]
[BlackTeam "SS Peristeri"]
[WhiteFideId "4215079"]
[BlackFideId "5900212"]
[EventDate "2011.07.03"]

1. d4 Nf6 2. c4 g6 3. g3 Bg7 4. Bg2 O-O 5. Nc3 d6 6. Nf3 Nbd7 7. O-O e5 8. e4 c6
9. h3 Qb6 10. c5 dxc5 11. dxe5 Ne8 12. Na4 Qa6 13. Bg5 b5 14. Nc3 Nc7 15. Be7
Re8 16. Bd6 Ne6 17. a4 b4 18. Ne2 Qa5 19. Nd2 Ba6 20. f4 c4 21. Nf3 Rad8 22. Kh2
c5 23. Qe1 Nef8 24. Qf2 c3 25. bxc3 b3 26. Rfb1 Qb6 27. Nd2 c4 28. Qxb6 Nxb6 29.
Nd4 Ne6 30. N2f3 Rc8 31. Nxe6 fxe6 32. Nd4 Nd7 33. Nb5 Rc6 34. Nc7 Rc8 35. Nb5
Rb6 36. Bf1 Rb7 37. Nd4 Kf7 38. h4 Rb6 39. Nxe6 Rxd6 40. Ng5+ Ke8 41. exd6 Bxc3
42. Ra3 Rc6 43. e5 Bb4 44. Raa1 Bc3 45. Ra3 1/2-1/2

[Event "39th TCh-GRE"]
[Site "Eretria GRE"]
[Date "2011.07.05"]
[Round "4.1"]
[White "Papathanasiou, Ageliki"]
[Black "Kokossis, Danae"]
[Result "0-1"]
[WhiteElo "1817"]
[BlackElo "1768"]
[WhiteTeam "ES Thessaloniki"]
[BlackTeam "SS Peristeri"]
[WhiteFideId "4224728"]
[BlackFideId "410128"]
[EventDate "2011.07.03"]

1. e4 e5 2. Nf3 Nc6 3. d4 exd4 4. Bc4 Bc5 5. c3 Nf6 6. cxd4 Bb4+ 7. Bd2 Bxd2+ 8.
Nbxd2 d5 9. exd5 Nxd5 10. O-O O-O 11. Ne4 Bg4 12. Qd3 Ndb4 13. Qb3 Bxf3 14. Qxf3
Qxd4 15. Bb3 Qd8 16. Bc4 Qd4 17. Bb3 h6 18. Rad1 Qb6 19. Qh5 Nd4 20. Bc4 Rad8
21. a3 Nbc2 22. Rd3 Qc6 23. Nc5 b6 24. Rg3 Qxc5 25. Qg4 Qe5 26. Rd1 Rfe8 27. Qg6
Qe1+ 28. Rxe1 Rxe1+ 0-1

[Event "39th TCh-GRE"]
[Site "Eretria GRE"]
[Date "2011.07.05"]
[Round "4.1"]
[White "Fragkou, Eleni"]
[Black "Pasoglou, Ekaterini"]
[Result "1-0"]
[WhiteElo "1864"]
[BlackElo "1483"]
[WhiteTeam "SS Peristeri"]
[BlackTeam "ES Thessaloniki"]
[WhiteFideId "4221150"]
[BlackFideId "4247663"]
[EventDate "2011.07.03"]

1. e4 c5 2. b3 b6 3. Nf3 Bb7 4. Nc3 e6 5. d4 cxd4 6. Nxd4 a6 7. Bb2 d6 8. Bd3
Nf6 9. O-O Be7 10. f4 Nbd7 11. Qe2 Qc7 12. Rae1 O-O 13. Kh1 Nc5 14. b4 Ncd7 15.
a3 Nb8 16. e5 Nd5 17. Nxd5 Bxd5 18. c4 Bb7 19. Qg4 Nd7 20. exd6 Nf6 21. Bxh7+
Kh8 22. Qh3 Bxd6 23. Nb5 Bxg2+ 24. Kxg2 Qc6+ 25. Be4+ Kg8 26. Bxc6 1-0

[Event "39th TCh-GRE"]
[Site "Eretria GRE"]
[Date "2011.07.05"]
[Round "4.1"]
[White "Ballas, Kleon-Evangelos"]
[Black "Bellos, Ioannis"]
[Result "1/2-1/2"]
[WhiteElo "1937"]
[BlackElo "1944"]
[WhiteTeam "ES Thessaloniki"]
[BlackTeam "SS Peristeri"]
[WhiteFideId "4215311"]
[BlackFideId "4226445"]
[EventDate "2011.07.03"]

1. d4 Nf6 2. c4 e6 3. Nf3 d5 4. a3 dxc4 5. e3 c5 6. Bxc4 a6 7. O-O b5 8. Be2 Bb7
9. dxc5 Bxc5 10. Qxd8+ Kxd8 11. b4 Bb6 12. Bb2 Nbd7 13. Rd1 Ke7 14. Nc3 Rhc8 15.
Rd2 Rc7 16. a4 bxa4 17. Nxa4 Ba7 18. Bd4 Bxd4 19. Nxd4 Nd5 20. Rb1 Rac8 21. Bf3
Rc1+ 22. Rd1 Rxd1+ 23. Rxd1 Rc4 24. Rb1 Ne5 25. Bxd5 Bxd5 26. Nb6 Rc7 27. Nxd5+
exd5 28. Kf1 Nc6 29. Nxc6+ Rxc6 30. Ke2 Rc2+ 31. Kf3 Rc4 32. Ra1 Rc6 33. Ra5 Ke6
34. b5 1/2-1/2

[Event "39th TCh-GRE"]
[Site "Eretria GRE"]
[Date "2011.07.05"]
[Round "4.1"]
[White "Tsiros, Fragkiskos Vlasios"]
[Black "Ballas, Athanasios-panagiotis"]
[Result "1-0"]
[WhiteElo "1730"]
[BlackElo "1753"]
[WhiteTeam "SS Peristeri"]
[BlackTeam "ES Thessaloniki"]
[WhiteFideId "4228200"]
[BlackFideId "4224078"]
[EventDate "2011.07.03"]

1. e4 c5 2. Nf3 e6 3. d4 cxd4 4. Nxd4 Nc6 5. Nc3 Qc7 6. Be3 a6 7. Qd2 Nf6 8.
O-O-O Be7 9. f4 d6 10. Be2 O-O 11. Rhg1 Rd8 12. g4 Nxd4 13. Qxd4 b5 14. Qb6 Qxb6
15. Bxb6 Rd7 16. g5 Ne8 17. Ba5 Bd8 18. Bxd8 Rxd8 19. Rd4 Bb7 20. Rgd1 Kf8 21.
a4 bxa4 22. Nxa4 Ke7 23. Rb4 Rab8 24. Rdd4 Nc7 25. Rb6 Ba8 26. Rc4 Kd7 27. e5
dxe5 28. fxe5 Bd5 29. Rd6+ Kc8 30. Rc3 Ra8 31. Bxa6+ Rxa6 32. Rxa6 Bb7 33. Rd6
Re8 34. Nb6+ Kb8 35. Rcd3 Ka7 36. c4 Be4 37. Re3 Bg2 38. Rb3 Rb8 39. Ra3+ Kb7
40. Nd7 Kc8 41. Nxb8 Kxb8 42. b4 Bf1 43. Rb6+ Kc8 44. Rc3 Kd7 45. b5 g6 46. Rc6
Na8 47. Ra3 Nc7 48. Ra7 1-0

[Event "39th TCh-GRE"]
[Site "Eretria GRE"]
[Date "2011.07.05"]
[Round "4.2"]
[White "Papaioannou, Ioannis"]
[Black "Atalik, Suat"]
[Result "1/2-1/2"]
[WhiteTitle "GM"]
[BlackTitle "GM"]
[WhiteElo "2592"]
[BlackElo "2619"]
[WhiteTeam "CC Kavala"]
[BlackTeam "Chess Academy Thes. Galaxias"]
[WhiteFideId "4201345"]
[BlackFideId "14401487"]
[EventDate "2011.07.03"]

1. d4 d5 2. Nf3 Nf6 3. c4 c6 4. e3 Bg4 5. Qb3 Qb6 6. Nc3 Nbd7 7. Qxb6 Nxb6 8.
cxd5 Nbxd5 9. Nxd5 Nxd5 10. Ne5 Bh5 11. g4 Bg6 12. a3 e6 13. Nxg6 hxg6 14. e4
Nf6 15. f3 Be7 16. Be3 Bd8 17. g5 Nh5 18. Bc4 Bc7 19. Kf2 Ke7 20. e5 Rad8 21.
Rad1 Rd7 22. Rd2 f6 23. Rhd1 Rhd8 24. gxf6+ gxf6 25. Rg1 Bxe5 26. dxe5 Rxd2+ 27.
Bxd2 Rxd2+ 28. Ke3 Rxh2 29. Rxg6 b5 30. Bd3 fxe5 31. Rh6 Rh3 32. Be4 c5 33. Rh7+
Kd6 34. Rxa7 Nf4 35. Ra6+ Ke7 36. Ra7+ Kf6 37. Rh7 Rg3 38. Rh2 Rg1 39. Kd2 Ke7
40. Bc6 b4 41. axb4 cxb4 42. Be4 Kd6 43. Kc2 Kc5 44. Kb3 Re1 45. Rh8 Nd5 46.
Rc8+ Kd6 47. Rd8+ Kc7 48. Rf8 Kd6 49. Rd8+ Kc5 50. Rc8+ Kd6 51. Rd8+ Ke7 52. Rb8
Kd7 53. Kc4 Rd1 54. Kb3 Rd4 55. Rb7+ Kd6 56. Rb8 Kc7 57. Rb5 Rd2 58. Ra5 Kd6 59.
Ra8 Ke7 60. Ra6 Rd4 61. Ra7+ Kd8 62. Rb7 Kc8 63. Bxd5 exd5 64. Rxb4 Rd3+ 65. Kc2
Rxf3 66. Rb5 Rf2+ 67. Kd1 d4 68. Rxe5 1/2-1/2

[Event "39th TCh-GRE"]
[Site "Eretria GRE"]
[Date "2011.07.05"]
[Round "4.2"]
[White "Mladenov, Plamen"]
[Black "Antic, Dejan"]
[Result "1/2-1/2"]
[WhiteTitle "IM"]
[BlackTitle "GM"]
[WhiteElo "2391"]
[BlackElo "2487"]
[WhiteTeam "Chess Academy Thes. Galaxias"]
[BlackTeam "CC Kavala"]
[WhiteFideId "2906198"]
[BlackFideId "901008"]
[EventDate "2011.07.03"]

1. e4 e6 2. Nf3 d5 3. Nc3 Nf6 4. e5 Nfd7 5. d4 c5 6. dxc5 Nc6 7. Bf4 a6 8. Bd3
Nxc5 9. O-O Be7 10. Qd2 b5 11. a3 Bb7 12. Ne2 f5 13. exf6 Bxf6 14. Be3 Nxd3 15.
cxd3 d4 16. Bg5 Ne5 17. Nxe5 Bxg5 18. f4 Qd5 19. Ng3 O-O 20. Ng6 hxg6 21. fxg5
e5 22. Rxf8+ Rxf8 23. Rc1 Qd8 24. Re1 Qe7 25. Rf1 Rxf1+ 26. Kxf1 a5 27. Qxa5
Qxg5 28. Qe1 b4 29. axb4 Ba6 30. Qe2 Qf4+ 31. Ke1 Qc1+ 32. Kf2 Qb1 33. Qxe5 Qxd3
34. Qe2 Qb3 35. Qxa6 Qe3+ 36. Kf1 Qc1+ 37. Ke2 Qxb2+ 38. Kf3 Qc3+ 39. Kg4 d3 40.
Qa2+ Kh7 41. Ne4 Qc2 42. Qd5 Qxg2+ 43. Kf4 Qxh2+ 44. Kf3 Qe2+ 45. Kg3 Qe1+ 46.
Kg2 Qxb4 47. Qxd3 Qb2+ 48. Kh3 Qe5 49. Qe3 Kh8 50. Kg2 g5 51. Qh3+ Kg8 52. Qd3
g6 53. Qd8+ Kg7 54. Qd7+ Kg8 55. Qc6 Kg7 56. Qd7+ Kg8 57. Nf2 Qf5 58. Qd4 Qf4
59. Qd5+ Kg7 60. Qd7+ Kf8 61. Nd3 Qe4+ 62. Kg3 Qe3+ 63. Kg4 Qe2+ 64. Kg3 Qe3+
65. Kg2 Qe4+ 66. Kg3 Qe3+ 67. Kg4 Qe2+ 68. Kxg5 Qh5+ 69. Kf6 Qf5+ 70. Qxf5 gxf5
71. Kxf5 1/2-1/2

[Event "39th TCh-GRE"]
[Site "Eretria GRE"]
[Date "2011.07.05"]
[Round "4.2"]
[White "Skembris, Spyridon"]
[Black "Kanakaris, Georgios"]
[Result "1-0"]
[WhiteTitle "GM"]
[WhiteElo "2475"]
[BlackElo "2281"]
[WhiteTeam "CC Kavala"]
[BlackTeam "Chess Academy Thes. Galaxias"]
[WhiteFideId "4200020"]
[BlackFideId "4209460"]
[EventDate "2011.07.03"]

1. c4 Nf6 2. Nf3 g6 3. Nc3 Bg7 4. g3 O-O 5. Bg2 d6 6. O-O e5 7. d4 Nbd7 8. Qc2
c6 9. Rd1 Qe7 10. e4 Re8 11. d5 cxd5 12. cxd5 a6 13. a4 Rf8 14. a5 Nh5 15. Na4
f5 16. exf5 gxf5 17. Ng5 Bf6 18. Ne6 Rf7 19. Qxf5 Ng7 20. Qc2 Rb8 21. Be3 b5 22.
axb6 Nf8 23. Qc7 Bxe6 24. Qxb8 1-0

[Event "39th TCh-GRE"]
[Site "Eretria GRE"]
[Date "2011.07.05"]
[Round "4.2"]
[White "Grapsa, Georgia"]
[Black "Botsari, Anna-Maria"]
[Result "0-1"]
[BlackTitle "WGM"]
[WhiteElo "2057"]
[BlackElo "2326"]
[WhiteTeam "Chess Academy Thes. Galaxias"]
[BlackTeam "CC Kavala"]
[WhiteFideId "4206436"]
[BlackFideId "4200446"]
[EventDate "2011.07.03"]

1. d4 Nf6 2. c4 e6 3. g3 d5 4. Bg2 Bb4+ 5. Bd2 Be7 6. Nf3 O-O 7. O-O c6 8. Nc3
Nbd7 9. Rc1 dxc4 10. e4 Re8 11. e5 Nd5 12. Ne4 b5 13. Nfg5 h6 14. Nf3 Bb7 15. b3
cxb3 16. axb3 a5 17. Ra1 Qc7 18. Nh4 f5 19. Bxh6 gxh6 20. Qh5 Nf8 21. Ng6 Kg7
22. Nf4 Nxf4 23. gxf4 Ng6 24. Kh1 Nxf4 25. Qf3 Ng6 26. Rg1 Rg8 0-1

[Event "39th TCh-GRE"]
[Site "Eretria GRE"]
[Date "2011.07.05"]
[Round "4.2"]
[White "Vatkali, Dimitra"]
[Black "Mitrou, Vasiliki"]
[Result "0-1"]
[WhiteElo "1929"]
[BlackElo "1766"]
[WhiteTeam "CC Kavala"]
[BlackTeam "Chess Academy Thes. Galaxias"]
[WhiteFideId "4200705"]
[BlackFideId "4218566"]
[EventDate "2011.07.03"]

1. d4 Nf6 2. c4 Nc6 3. Nf3 e6 4. g3 Bb4+ 5. Bd2 Bxd2+ 6. Qxd2 O-O 7. Nc3 d6 8.
Bg2 e5 9. O-O Qe7 10. d5 Nb8 11. e4 a5 12. b3 Na6 13. Ne1 Nc5 14. Rb1 Bd7 15. a3
a4 16. b4 Nb3 17. Qb2 Ng4 18. h3 Nh6 19. g4 f6 20. f4 exf4 21. Rxf4 Qe5 22. Ne2
Nf7 23. Nd3 Qxb2 24. Rxb2 Ne5 25. Nxe5 fxe5 26. Rf3 Rxf3 27. Bxf3 Rf8 28. Kg2 c6
29. dxc6 bxc6 30. Rc2 Be6 31. Ng1 Nd4 32. Rc3 Rf4 33. Bd1 Rxe4 34. Bxa4 Kf7 35.
Nf3 Nxf3 36. Rxf3+ Ke7 37. Bxc6 Rxc4 38. b5 Rxc6 39. bxc6 Bd5 40. Kf2 Bxf3 41.
Kxf3 d5 0-1